| 000 | 00601nam 2200157 4500 | ||
|---|---|---|---|
| 001 | 6074 | ||
| 090 | _a6074 | ||
| 100 | _a20190729k u||y0frey50 ba | ||
| 101 | _afre | ||
| 200 |
_aAprès l'avertissement de Tchernobyl, ce qu'on ne peut plus ignorer sur l'industrie nucléaire _bBrochure _eFiche n. 4 _fECOROPA |
||
| 210 |
_cECOROPA _f22 rue d'Annam, 75020 Paris _gImprimerie Edit 71 |
||
| 300 | _aSans date. | ||
| 606 |
_9648 _aNucléaire (Energie) |
||
| 606 |
_aCentrale de Tchernobyl _yUkraine - URSS _96982 |
||
| 710 |
_96983 _aEuropean Network for Ecological Reflection and Action (ECOROPA) |
||
| 801 |
_aCH _bCH-002049-8 |
||